Химико-лесной комплекс - проблемы и решения: Всероссийская научно-практическая конференция, Красноярск, 11-12 апреля 2002 г.; сборник статей по материалам конференции; Т. 2

書誌詳細
共著者: Сибирский государственный технологический университет, Химико-лесной комплекс - проблемы и решения Всероссийская научно-практическая конференция
言語:ロシア語
出版事項: Красноярск, Изд-во СибГТУ, 2002
主題:
フォーマット: MixedMaterials 図書
KOHA link:https://koha.lib.tpu.ru/cgi-bin/koha/opac-detail.pl?biblionumber=85729

MARC

LEADER 00000nam0a2200000 4500
001 85729
005 20231031101210.0
010 |a 5817301377 
035 |a (RuTPU)RU\TPU\book\92105 
090 |a 85729 
100 |a 20051116d2002 k y0rusy50 ca 
101 0 |a rus 
102 |a RU 
105 |a a z 101zy 
200 1 |a Химико-лесной комплекс - проблемы и решения  |e Всероссийская научно-практическая конференция, Красноярск, 11-12 апреля 2002 г.  |e сборник статей по материалам конференции  |h Т. 2  |f Сибирский государственный технологический университет; Химико-лесной комплекс - проблемы и решения, Всероссийская научно-практическая конференция 
210 |a Красноярск  |c Изд-во СибГТУ  |d 2002 
215 |a 371 с.  |c ил. 
320 |a Библиография в конце статей 
610 1 |a лесное хозяйство 
610 1 |a лесозаготовка 
610 1 |a деревообработка 
610 1 |a машины 
610 1 |a оборудование 
610 1 |a технология 
610 1 |a конференции 
610 1 |a Красноярск 
675 |a 630(063)  |v 3 
675 |a 674(063)  |v 3 
712 0 2 |a Сибирский государственный технологический университет  |2 stltpush  |3 (RuTPU)RU\TPU\col\5642 
712 1 2 |a Химико-лесной комплекс - проблемы и решения  |b Всероссийская научно-практическая конференция  |e Красноярск  |f 2002 
801 1 |a RU  |b 63413507  |c 20051116  |g PSBO 
801 2 |a RU  |b 63413507  |c 20051206  |g PSBO 
942 |c BK